[Event "Titled Tuesday intern op 20th Jun Early"]
[Site "Chess.com INT"]
[Date "2023.06.20"]
[Round "4"]
[White "Anuj, Shrivatri"]
[Black "Rodchenkov, Sergey D"]
[Result "1-0"]
[WhiteElo "2404"]
[BlackElo "2346"]
[PlyCount "71"]
[EventDate "2023.06.20"]
[EventType "swiss (blitz)"]
[EventRounds "11"]
[EventCountry "USA"]
[SourceTitle "EXT 2024"]
[Source "ChessBase"]
[SourceDate "2023.10.10"]
[SourceVersion "1"]
[SourceVersionDate "2023.10.10"]
[SourceQuality "1"]

1. Nf3 d5 2. b3 Nf6 3. Bb2 c6 4. g3 Bf5 5. Bg2 e6 6. 0-0 h6 7. d3 Nbd7 8. Qe1 Be7 9. Nbd2 0-0 10. e4 Bh7 11. Qe2 a5 12. a4 Qb6 13. e5 Ne8 14. Nd4 c5 15. Nb5 Nc7 16. c4 Nxb5 17. axb5 d4 18. f4 Rfe8 19. Be4 f5 20. exf6 Nxf6 21. Bxh7+ Kxh7 22. Ne4 Nxe4 23. Qxe4+ Kg8 24. Rae1 Bf6 25. Qg6 Qd8 26. Bc1 a4 27. bxa4 Rxa4 28. f5 e5 29. Bxh6 Qe7 30. Bxg7 Bxg7 31. f6 Qf7 32. Qg4 Ra2 33. Rf5 Re6 34. fxg7 Qxg7 35. Rg5 Rg6 36. Rxg6 1-0

[Event "Titled Tuesday intern op 20th Jun Early"]
[Site "Chess.com INT"]
[Date "2023.06.20"]
[Round "9"]
[White "Nagare, Kaivalya Sandip"]
[Black "Rodchenkov, Sergey D"]
[Result "0-1"]
[WhiteElo "2085"]
[BlackElo "2346"]
[PlyCount "106"]
[EventDate "2023.06.20"]
[EventType "swiss (blitz)"]
[EventRounds "11"]
[EventCountry "USA"]
[SourceTitle "EXT 2024"]
[Source "ChessBase"]
[SourceDate "2023.10.10"]
[SourceVersion "1"]
[SourceVersionDate "2023.10.10"]
[SourceQuality "1"]

1. e4 c5 2. Nf3 d6 3. d4 cxd4 4. Nxd4 Nf6 5. Nc3 a6 6. Bg5 e6 7. f4 h6 8. Bh4 Qb6 9. a3 Be7 10. Bf2 Qc7 11. Qf3 Nbd7 12. 0-0-0 b5 13. g4 Bb7 14. h4 Nc5 15. Bd3 d5 16. e5 Nfe4 17. Bxe4 Nxe4 18. Nxe4 dxe4 19. Qe3 Rc8 20. Kb1 Bd5 21. Rd2 b4 22. a4 Qa5 23. Rhd1 Qxa4 24. Nb3 0-0 25. Rxd5 exd5 26. Rxd5 Rc4 27. f5 Rfc8 28. f6 Bf8 29. fxg7 Bxg7 30. g5 h5 31. g6 fxg6 32. Rd6 R4c6 33. Qxe4 Rxc2 34. Qd5+ Kh7 35. Rxg6 Rxf2 36. Rg1 Rcc2 37. Qd3+ Kh8 38. Qd8+ Bf8 39. Qd5 Rxb2+ 40. Kc1 Rbc2+ 41. Kd1 Rcd2+ 42. Qxd2 Qxb3+ 43. Ke1 Rxd2 44. Kxd2 Qc3+ 45. Ke2 Qxe5+ 46. Kf3 Qf5+ 47. Kg2 Qg4+ 48. Kf2 Bc5+ 49. Ke1 Qxg1+ 50. Kd2 Qd4+ 51. Kc2 Qc3+ 52. Kb1 Qb3+ 53. Kc1 Be3# 0-1

[Event "Titled Tuesday intern op 13th Jun Early"]
[Site "Chess.com INT"]
[Date "2023.06.13"]
[Round "9"]
[White "Raj, Jaivardhan"]
[Black "Rodchenkov, Sergey D"]
[Result "1-0"]
[WhiteElo "1901"]
[BlackElo "2346"]
[PlyCount "63"]
[EventDate "2023.06.13"]
[EventType "swiss (blitz)"]
[EventRounds "11"]
[EventCountry "USA"]
[SourceTitle "EXT 2024"]
[Source "ChessBase"]
[SourceDate "2023.10.10"]
[SourceVersion "1"]
[SourceVersionDate "2023.10.10"]
[SourceQuality "1"]

1. e4 c5 2. Nf3 d6 3. d4 cxd4 4. Qxd4 Nc6 5. Qe3 Nf6 6. c4 g6 7. Nc3 Bg7 8. h3 0-0 9. Be2 Be6 10. 0-0 Nd7 11. Rb1 a5 12. Rd1 a4 13. Nd5 Nde5 14. Nxe5 Nxe5 15. b3 axb3 16. axb3 Ra2 17. Nb4 Bh6 18. Qxh6 Rxe2 19. Be3 Qa5 20. Nd5 Bxd5 21. exd5 Qa2 22. Bd4 Qc2 23. Rdc1 Qf5 24. Re1 Rc2 25. Rbc1 Ra2 26. f4 f6 27. fxe5 fxe5 28. Rf1 Rxg2+ 29. Kh1 Rf2 30. Rxf2 Qe4+ 31. Kg1 Qxd4 32. Qxf8# 1-0

[Event "Titled Tuesday intern op 13th Jun Early"]
[Site "Chess.com INT"]
[Date "2023.06.13"]
[Round "10"]
[White "Rodchenkov, Sergey D"]
[Black "Gordon, Frederick"]
[Result "1-0"]
[WhiteElo "2346"]
[BlackElo "2325"]
[PlyCount "149"]
[EventDate "2023.06.13"]
[EventType "swiss (blitz)"]
[EventRounds "11"]
[EventCountry "USA"]
[SourceTitle "EXT 2024"]
[Source "ChessBase"]
[SourceDate "2023.10.10"]
[SourceVersion "1"]
[SourceVersionDate "2023.10.10"]
[SourceQuality "1"]

1. e4 c5 2. Nf3 Nc6 3. d4 cxd4 4. Nxd4 Nf6 5. Nc3 e5 6. Ndb5 d6 7. Nd5 Nxd5 8. exd5 Nb8 9. c4 Be7 10. Be2 0-0 11. 0-0 a6 12. Nc3 f5 13. f4 Bf6 14. Kh1 Nd7 15. a4 a5 16. Nb5 Nc5 17. Be3 b6 18. Rb1 Re8 19. fxe5 Bxe5 20. Bg1 Bd7 21. Nd4 Qg5 22. Nf3 Qe7 23. b3 Rad8 24. Bd3 g6 25. Bc2 Bg7 26. b4 axb4 27. Rxb4 Rb8 28. Nd4 Qh4 29. Nc6 Bxc6 30. dxc6 Be5 31. h3 Kg7 32. Qf3 Na6 33. Rb5 Qxc4 34. Bb3 Qh4 35. Rxb6 Nc5 36. a5 Qe7 37. Bxc5 dxc5 38. Rd1 Bd4 39. Rb1 Qa7 40. Bc4 Qxa5 41. Rxb8 Re1+ 42. Rxe1 Qxe1+ 43. Qf1 Qe5 44. Rb7+ Kh6 45. c7 Qg3 46. c8Q Be5 47. Qf8+ Kg5 48. Qe7+ Kh5 49. Be2+ Kh6 50. Qxe5 Qxe5 51. Rb1 Qd4 52. Rd1 Qe4 53. Qf3 Qe5 54. Bf1 c4 55. Qf2 c3 56. Re1 Qa5 57. Qe3+ Kg7 58. Rc1 Qa3 59. Qxc3+ Qxc3 60. Rxc3 Kf6 61. g3 Kg5 62. Kg2 h5 63. h4+ Kf6 64. Be2 Kg7 65. Rc6 Kh6 66. Bf3 Kg7 67. Bxh5 Kf7 68. Kf3 Kg7 69. Rxg6+ Kh7 70. Kf4 Kh8 71. Kxf5 Kh7 72. Kf6 Kh8 73. Kf7 Kh7 74. Rf6 Kh8 75. Rh6# 1-0